[Event "Turnier 40 / 120"]
[Site "Wien"]
[Date "2022.12.07"]
[Round "25"]
[White "Pewatronic Masterchess SH7034 - 24 MHZ"]
[Black "Novag Star Diamond H8 - 25 MHZ"]
[Result "1-0"]
[BlackElo "2160"]
[WhiteElo "2150"]

{Analyse ----> Komodo 13.02} 1. d4 c5 2. d5 d6 3. c4 Nf6 4. Nc3 g6 5. e4
Bg7 6. Be2 O-O 7. Bg5 e6 8. Qd2 exd5 9. exd5 {Buchende} Qb6 {Buchende} 10.
Nf3 {Buchbewertung Pewatronic Masterchess: 0,0} Re8 {Buchbewertung Novag
Star Diamond: +0,15 / lt. Komodo steht Weiss etwas besser mit ca. +0,60}
11. O-O h6?? {ein Verlustzug, danach ist die Partie bereits verloren,
Komodo -2,00 mit der Fortsetzung Lxh6} 12. Bxh6! {richtig, aber Pewatronic
Masterchess sieht kaum Vorteil nur +0,1} Bxh6 {Novag Star Diamond erwartet
Lf4 und sieht es ganz anders, Bewertung +0,80 ! / weit besser war noch Lg4,
Komodo -3,00, die Partie ist verloren für Schwarz} 13. Qxh6 Qxb2 14. Qd2???
{ein Katastrophenzug, der nahezu den gesamten Vorteil verschenkt, Komodo
nur noch +0,50, sofort gewonnen hätte Tfc1, gefolgt von Tab1, auch Novag
Star Diamond hatte diesen Zug vorgeschlagen} Qxd2 15. Nxd2 Bf5 16. Rfe1 Na6
17. Nb5 Red8 18. Bf3?? {ein grottenschlechter Zug, um eine ganze
Bauerneinheit schlechter als a3, das Feld b4 hätte für den schwarzen
Springer gesperrt werden müssen, danach ist bereits Schwarz im Vorteil,
Komodo +0,50 mit der Fortstetzung Sb4, auch diesen Zug hatte Novag Star
Diamond vorgeschlagen} Nb4 {ja klar und damit räumt natürlich auch der
Springer das Feld a6 und der Bauer kann den lästigen Springer b5
vertreiben, wie gesagt, der vorige Zug grottenschlecht !!!} 19. g4? {ganz
schlecht, weit besser ist Ld1, Komodo -1,00} Bxg4 20. Bxg4 Nxg4 21. h3?
{Pewatronic Masterchess hat völlig den Faden verloren und taumelt von einem
zum nächsten extrem schwachen Zug, nach dem Textzug ist die Partie bereits
verloren, Komodo -1,70, deutlich besser ist noch Te7} Nf6 22. Ne4 Nxe4 23.
Rxe4 a6 24. Nc3 b5 25. Rd1?? {einfach nur schlecht !!, deutlich mehr
Widerstand leistet noch cxb5, Komodo -1,80, damit ist die Partie wieder
klar verloren} bxc4 {besser ist f5, Komodo +1,30} 26. Rxc4 Nc2 27. Ne2 Na3
28. Rc3 Re8 29. Kf1? {weit schwächer als Txa3, damit ist bereits alles
verloren, Komodo -2,00} Nb5 30. Rb3 Re4 31. f3? {hier wird kein
Fettnäpfchen ausgelassen, Pewatronic verschlechtert die Lage mit jedem
einzelnen Zug, nach dem Textzug ist nichts mehr zu retten, Komodo -2,70,
deutlich besser war noch Sc3 mit ca. -2,00} Re5? {eine ganze Bauerneinheit
schwächer als Ta4, Komodo +1,80} 32. a4 Nd4?? {jetzt beginnt Star Diamond
ebenfalls zu patzen, ein ganz schlechter Zug, der den Vorteil von Schwarz
neuerlich deutlich reduziert, Komodo nur noch +0,60, nötig war Sc7} 33.
Nxd4 Rxd5 34. Rbd3 cxd4 35. Rxd4 Rxd4 {besser ist Ta5, die Stellung nähert
sich dem Ausgleich, Komodo +0,30 für Schwarz} 36. Rxd4 Rd8 37. Rc4 Kf8 38.
Rc6 a5 {Novag Star Diamond sieht sich tatsächlich noch mit +1,30 im
Vorteil} 39. Ra6 {Pewatronic Masterchess: 0,0} Ke7 40. Rxa5 d5 41. Ke2 Kd6
42. Ra7 Rd7??? {also dieser Zug ist ja einfach nicht zu fassen, da muss man
wahrlich mindestens 3x hinschauen, um das zu glauben einfach indiskutabel,
Txd7 und den Rest braucht ja wirklich keiner mehr zu erklären, Komodo
-10,00 !!} 43. Rxd7+ Kxd7 44. Kd3 Kc6 45. f4 Kc5 46. f5 Kd6 47. Kd4 Kc6 48.
fxg6 fxg6 49. a5 g5 50. a6 Kb6 51. Kxd5 Kxa6 {Novag Star Diamond: -7,65
-----> aufgegeben ! -- für die Kategorie dieser beiden Geräte eine einfach
UNWÜRDIGE Vorstellung, der Sieg wurde durch reinen Zufall ermittelt !} 1-0
[/pgn]
[pgn]

[Event "Turnier 40 / 120"]
[Site "Wien"]
[Date "2021.05.11"]
[Round "26"]
[White "Novag Star Diamond H8 - 25 MHZ"]
[Black "Pewatronic Masterchess SH7034 - 24 MHZ"]
[Result "1/2-1/2"]
[BlackElo "2150"]
[WhiteElo "2160"]

{Analyse ------> Komodo 13.02.} 1. d4 d5 2. c4 e6 3. Nc3 c5 4. cxd5 exd5 5.
Nf3 Nc6 6. g3 Nf6 7. Bg2 Be7 8. O-O Be6 9. dxc5 Bxc5 10. Bg5 {Buchende} O-O
{Buchende / auch diese Eröffnung wurde im Match gegen Novag Diamond II
gespielt, damals gewann Pewatronic Masterchess} 11. Qb3 {Buchbewertung
Novag Star Diamond: +0,88} d4 {Buchbewertung Pewatronic Masterchess: -0,3 /
lt. Komodo ist die Stellung ausgeglichen} 12. Qxb7?? {dieser Bauernraub ist
eine ganz schlechte Idee, danach steht Schwarz bereits klar besser, Komodo
+1,20, nötig war z.B. Lxf6, was Pewatronic Masterchess auch vorgeschlagen
hätte, mit Ausgleich, leider macht Star Diamond den gleichen Fehler wie
sein Vorgänger Diamond II} dxc3 13. Qxc6 Rc8 14. Qb7 Rb8 15. Qc6 cxb2 16.
Qxc5 bxa1=N {Der Pewatronic nimmt hier einen Springer, naja vielleicht
hofft er, dass der nicht geschlagen wird, ist ja auch viel weniger Wert als
eine Dame, LoL.} 17. Nd4 {und tatsächlich, Novag Star Diamond verzichtet
vorläufig auf den Springer, hier weicht die Partie ab von jener gegen Novag
Diamond II, der spielte 17. Txa1, was auch etwas besser ist, Komodo -1,30}
Qb6 18. Qxb6 Rxb6 19. Bxf6 gxf6 20. Rxa1 Rfb8 21. Be4 Rb2 22. a4 R8b4 23.
e3? {ein schlechter Zug, deutlich besser ist Sxe6, Komodo -2,00} a5 24. Kg2
Kg7 25. h4 Bd7?? {ein ganz schwacher Zug, der einen Grossteil des Vorteiles
verspielt, Komodo nur noch +0,40 für Schwarz, deutlich besser ist h6 mit
ca. +1,50} 26. Rc1! {richtig} Bg4 27. Bc6?? {ein ganz schlechter Zug,
danach ist Schwarz wieder klar im Vorteil, Komodo +1,30, nötig war Tc7,
danach wäre die Stellung bereits im Lot gewesen} Rd2 28. Nf3 Rd8 29. Nd4??
{ein Verlustzug, danach ist die Partie bereits verloren, Komodo -2,20,
deutlich mehr Widerstand leistet noch Lb5 mit ca. -1,30} Rc8 30. Rc2 Bd1
31. Rd2 Bxa4 {Schwarz hat die Qualität und einen Freibauern, das sollte nur
noch Formsache sein.} 32. Nf5+ {Novag Star Diamond ist hier noch viel zu
optimistisch nur -0,46 / Komodo -2,60} Kf8 {Pewatronic Masterchess: +1,0}
33. Bxa4 Rxa4 34. Rd7 Rac4??? {ein grottenschlechter Zug, der auf einen
Schlag den gesamten Vorteil verschenkt, Komodo nur noch +0,30 für Schwarz,
nötig war Ta8 und Schwarz gewinnt.} 35. Ra7 R4c5 {die Stellung ist bereits
im Lot, Komodo 0,00} 36. e4 Re8 37. Kf3 Rb8 38. h5 Rbc8 39. Ke3 Rc3+ 40.
Kf4 Rc2 41. f3 R2c5 42. Ke3 Rc3+ 43. Kf4 Rd8 44. Rxa5 {der schwarze
Freibauer fällt, damit ist die Partie keinesfalls mehr zu gewinnen für
Schwarz} Ke8? {besser ist T3c8 mit Ausgleich, nach dem Textzug steht Weiss
bereits besser, Komodo +0,70 mit der Fortsetzung Ta6} 45. Kg4 {schwächer
als Ta6, Komodo +0,20} Rc6 46. Ra7 Rb6 47. Re7+ Kf8 48. h6 Re6 49. Rb7 Rc6
50. Ra7 Rc1 51. Ra6 Re8 52. Rd6 Re6 53. Rd7 Ke8 54. Rb7 Kf8 55. Ra7 Rec6
56. Rd7 Rc8 57. Rd5 R1c5 58. Kf4 Rxd5 59. exd5 {hier ist alles blockiert
und gedeckt es gibt keine Angriffspunkte mehr für keine der beiden Seiten
daher: Userentscheid: Remis} 1/2-1/2
[/pgn]
[pgn]

[Event "Turnier 40 / 120"]
[Site "Wien"]
[Date "2022.12.09"]
[Round "27"]
[White "Pewatronic Masterchess SH7034 - 24 MHZ"]
[Black "Novag Star Diamond H8 - 25 MHZ"]
[Result "1/2-1/2"]
[BlackElo "2160"]
[WhiteElo "2150"]

{Analyse ------> Komodo 13.02.} 1. e4 c6 2. d4 d5 3. exd5 cxd5 4. c4 Nf6 5.
Nc3 e6 6. Nf3 {Buchende} Nc6 7. cxd5 {Buchbewertung Pewatronic Masterchess:
+0,1} Nxd5 {Buchende} 8. Bb5 Bb4 {Buchbewertung Novag Star Diamond: +0,34 /
lt. Komodo steht Weiss knapp besser mit ca. +0,40} 9. Bd2 O-O 10. O-O Qa5
11. Bd3 {besser ist Lxc6} Nxc3 12. bxc3 Bxc3 13. Bxh7+ Kxh7 14. Qc2+ Kg8
15. Bxc3 Qd5 16. Rac1 {Schwarz steht etwas besser, Komodo +0,80} b6 17.
Rfd1 Ba6 18. a3 Rac8 19. Qb2 Rfd8 20. Re1 {nach mehreren kleinen
Ungenauigkeiten ist der Vorteil von Schwarz angewachsen, Komodo +1,30} Bd3?
{ein schwacher Zug, der den Vorteil in etwa halbiert, Komodo +0,70, besser
ist entweder Se7 oder Lb7} 21. Ne5 Bf5 22. Qd2 f6 23. Nxc6 Rxc6 {Schwarz
steht nur noch hauchdünn besser, Komodo +0,30} 24. Ba1? {keine Katastrophe,
dennoch natürlich unsinnig den Läufer ins Eck zu ziehen, lt. Komodo aber
nur um 0,1 Bauerneinheiten schlechter als Lb2, Komodo -0,40} Rdc8 25. Rxc6
Qxc6 26. h3 Be4 27. f3 Bd5 28. Kf2 Qc2 29. Qxc2 Rxc2+ 30. Re2 Rc6 31. Re3
Rc1 32. Re1 Rxe1 33. Kxe1 Kf7 34. Ke2 Bc4+ 35. Ke3 Ke7 36. h4 Kd6 37. Bc3
{die Stellung ist im Lot} a5 38. g4 Kd5 39. g5 Kd6 40. gxf6 gxf6 41. h5 Ke7
42. Be1 Kf7 43. Bd2 Kg7 44. Kf4 Bd5 45. Kg3 {die Stellung ist immer noch im
Lot, Komodo 0,00} a4 46. h6+ Kh7 47. Bc1 Bb3 48. Be3 b5 49. Bc1 Bd5 50. Kg2
f5 51. Kg3 Kg6 52. Bd2 b4 53. h7 Kxh7 54. Bxb4 {Userentscheid: Remis}
1/2-1/2
[/pgn]
[pgn]

[Event "Turnier 40 / 12"]
[Site "Wien"]
[Date "2022.12.10"]
[Round "28"]
[White "Novag Star Diamond H8 - 25 MHZ"]
[Black "Pewatronic Masterchess SH7034 - 24 MHZ"]
[Result "1-0"]
[BlackElo "2150"]
[WhiteElo "2160"]

{Analyse ------> Komodo 13.02.} 1. d4 d5 2. c4 e6 3. Nc3 Nf6 4. Bg5 Nbd7 5.
e3 Be7 6. Nf3 O-O 7. Rc1 c6 8. Bd3 dxc4 9. Bxc4 Nd5 10. Bxe7 Qxe7
{Buchende} 11. Ne4 e5 {Buchbewertung Pewatronic Masterchess: 0,0} 12. dxe5
Nxe5 13. Nxe5 {Buchende} Qxe5 14. Nc3 {Buchbewertung Novag Star Diamond:
0,00 / lt. Komodo ist die Stellung etwa gleich} Nxc3 15. Rxc3 Be6 16. Bxe6
Qxe6 17. Qb3 {die Stellung ist im Lot, Komodo 0,00} Rad8 18. Qxb7 Rb8 19.
Qxa7 Rxb2 20. O-O Rc8?? {völlig unverständlich, warum nicht Txa2 ?, nach
dem Textzug steht Weiss klar besser, Komodo +1,00} 21. a3 Rd2 22. Rcc1 Re2
23. Qa6 Ra2 24. Rc5 Rd2 25. h3 Qd7??? {es wäre höchst an der Zeit, das
längst überfällige Schlupfloch für den König zu machen, nach dem Textzug
ist die Partie praktisch bereits verloren, Komodo -2,00} 26. Rfc1 Rd1+
{besser ist noch Td6, Komodo -2,10} 27. Rxd1 Qxd1+ 28. Kh2 Qd7 29. a4 Kf8?
{deutlich besser ist noch g6, Komodo -2,80, die Partie ist klar verloren
für Schwarz} 30. a5 h6 31. Qc4 Qd2 32. a6 Qd6+ 33. g3 Rc7??? {ein
Totalaussetzer !!, danach ist die Partie sofort verloren, Komodo -7,50 !!
mit der Fortsetzung a7} 34. Kg2? {Novag Star Diamond verpasst den
sofortigen Gewinn, Weiss steht aber klarerweise trotzdem klar auf Gewinn,
Komodo +3,00} Ke7??? {der nächste Totalaussetzer, um ganze 5
Bauerneinheiten !! schlechter als Kg8, Komodo -8,00 und wieder gewinnt a7
sofort} 35. Qe4+ {weit schwächer als a7, aber natürlich gewinnt auch das
leicht, Komodo +5,50} Kf8 36. Qd4 {klar schwächer als Tc3, aber auch das
gewinnt noch klar, Komodo +4,20} Qxd4 37. exd4 Ke7 38. f4??? {ein
grottenschlechter Zug, der den Vorteil von Weiss enorm reduziert, um 2,5
Bauerneinheiten !! schlechter als d5, Komodo +2,00} Kd6 39. Kf3 Ra7 40. Rf5
f6 41. Ra5 Kc7 42. Kg4??? {ein grottenschlechter Zug, um ganze 3
Bauerneinheiten schlechter als Ke4 (das hätte bereits klar gewonnen mit
+4,00), Komodo nur noch +1,00} Kb6 43. Ra3 c5??? {ein Verlustzug, danach
ist die Partie wieder sofort verloren, Komodo -5,00, nötig war Txa6 und
Gegenspiel ist noch möglich} 44. dxc5+ Kxc5 45. Kf5 Kb4 46. Ra1 Kb5 47. Kg6
Kc4 48. h4 Kd5 49. Rd1+ Ke4 50. Rd6 Re7 51. Kh5 Ra7 52. Kg4 {deutlich
schneller gewinnt natürlich Tb6} Ra8 53. Kh3??? {also Novag Star Diamond
tut sich echt schwer den Sack zu zumachen, um ganze 4 Bauerneinheiten !!!
schlechter als Te6+, Komodo +2,30} Ra7??? {deutlich mehr Widerstand leistet
h5, ein grottenschlechter Zug, Komodo -6,00, allerdings wird Star Diamond
den richtigen Zug Kg4, der aus Sicht von Komodo natürlich eine
Fehlerkorrektur ist nicht spielen, da es eine Stellungswiederholung wäre
und somit 0,0 für ihn.} 54. Kg2 {klar} Rc7 55. Kh1??? {also jetzt wird es
leider schon absurd, was Star Diamond hier mit seinem König veranstaltet,
dieser Zug verschenkt bereits den Sieg, Komodo 0,00 mit der Fortsetzung
Tc1+} Rc1+ 56. Kh2 Ra1 57. Kg2 Ra2+ 58. Kh3 Kf3 59. Rd3+ Ke4 60. Rd7 Kf3
61. a7 Ra1 62. a8=Q+ Rxa8 {damit ist das Remis natürlich besiegelt} 63.
Rd3+ Ke4 64. Rd1 g6 65. Rb1 Ra6 66. h5 gxh5 67. Kh4 Ra5 68. Rb6 Rf5 69. Rb8
Rd5 70. Rf8 Rd1 71. Kxh5 Kf5 72. Kxh6 Rd3 73. Rg8 Rd2 74. Rc8 Rd3 75. Rc5+
Kg4??? {und nun macht Pewatronic Masterchess doch noch den
spielentscheidenden Fehler, danach ist die Partie sofort verloren, Komodo
-9,00 mit der Fortsetzung f5, der König muss nach e4 und es ist Remis} 76.
Kg6??? {aber auch Novag Star Diamond macht es nicht besser und verschenkt
sofort wieder den Sieg, nach dem Textzug ist es wieder Remis, Komodo 0,00}
Kxg3??? {und Pewatronic Masterchess verschenkt sofort wieder das Remis,
Komodo -11,00 mit der Fortsetzung f5, Remis gehalten hätte 76. f5 !!} 77.
f5! {diesmal richtig} Rd6 78. Rc8 Kf4 79. Rf8 Ke5 80. Re8+ Kf4 81. Re6 Rd8
82. Ra6! {richtig, ja nicht, Txf6, denn danach wäre es wieder Remis} Rd5
83. Rxf6 Rd8 84. Rc6 Rg8+ 85. Kf7 Rg1 86. f6 Re1 87. Kf8 Kg5 88. f7 Rg1 89.
Ke7 {Rest geschenkt} 1-0
[/pgn]
[pgn]

[Event "Turnier 40 / 120"]
[Site "Wien"]
[Date "2022.12.11"]
[Round "29"]
[White "Pewatronic Masterchess SH7034 - 24 MHZ"]
[Black "Novag Star Diamond H8 - 25 MHZ"]
[Result "1-0"]
[BlackElo "2160"]
[WhiteElo "2150"]

{Analyse -----> Komodo 13.02.} 1. e4 c6 2. Nf3 d5 3. Nc3 {Buchende} dxe4 4.
Nxe4 {Buchbewertung Pewatronic Masterchess: 0,0} Nf6 5. Nxf6+ gxf6
{Buchende} 6. d4 Bg4 {Buchbewertung Novag Star Diamond: -0,03 lt. Komodo
steht Weiss etwas besser mit ca. +0,50} 7. c3 Qd5 8. Be2 Nd7 9. O-O O-O-O
10. c4 Qd6 11. Be3 Rg8 12. d5 Kb8 13. Qa4 Nb6 14. Bxb6? {ein schwacher Zug,
danach ist die Stellung im Lot, deutlich besser ist Da5, danach wäre Weiss
etwas im Vorteil gewesen mit ca. +0,80} axb6 15. Rfd1 Qc7?? {ein ganz
schlechter Zug, danach ist Weiss klar im Vorteil, Komodo +1,70 mit der
Fortsetzung dxc6, deutlich besser ist Tc8 mit Ausgleich} 16. dxc6 Rxd1+ 17.
Rxd1 bxc6??? {ein absolter Verlustzug, danach ist die Partie sofort
verloren, Komodo -6,00 mit der Fortsetzung Sd4, nötig war Dxc6 mit ca.
-1,70} 18. Nd4 {Pewatronic Masterchess: +1,7} Bxe2? {Novag Star Diamond
sieht hier noch keine Gefahr: -0,07 ? / Komodo -9,00, besser war noch Kb7,
mit -6,00 ist aber natürlich auch schon hoffnungslos} 19. Nxc6+ Qxc6 {Novag
Star Diamond: -0,76} 20. Qxc6 {Pewatronic Masterchess: +1,3 / Komodo
+10,00} Bxd1 21. Qxb6+ {Pewatronic Masterchess: +2,3} Kc8 {Novag Star
Diamond: -3,03} 22. Qc6+ {Pewatronic Masterchess: +3,5} Kd8 23. Qd5+ Kc7
24. Qxd1 {Rest geschenkt} 1-0
[/pgn]

[Event "Turnier 40 / 120"]
[Site "Wien"]
[Date "2022.12.12"]
[Round "30"]
[White "Novag Star Diamond H8 - 25 MHZ"]
[Black "Pewatronic Masterchess SH7034 - 24 MHZ"]
[Result "1-0"]
[BlackElo "2150"]
[WhiteElo "2160"]

{Analyse -----> Komodo 13.02.} 1. Nf3 d5 2. c4 e6 3. d4 Nf6 4. Nc3 c6 5. e3
Nbd7 6. Bd3 dxc4 7. Bxc4 b5 8. Bd3 Bb7 9. e4 b4 10. Na4 c5 11. e5 Nd5
{Buchende} 12. Nxc5 Bxc5 {Buchbewertung Pewatronic Masterchess: -0,1} 13.
dxc5 {Buchende} Qa5 14. Qe2 {Buchbewertung Novag Star Diamond: +0,50 / lt.
Komodo steht Weiss knapp besser mit ca. +0,60} Nxc5 15. Bb5+ Kf8 16. Bc4
Nb6 17. Be3 Rc8? {ein ganz schlecher Zug, danach ist Weiss klar im Vorteil,
Komodo +1,20 mit der Fortsetzung 0-0, nötig war Sxc4 mit Ausgleich} 18. O-O
Nxc4 {besser ist noch h6, Komodo -1,50} 19. Qxc4 Na4? {Pewatronic
Masterchess: 0,0 ? / besser ist noch Se4, nach dem Textzug ist die Partie
bereits verloren, Komodo -2,00 mit der Fortsetzung Df4} 20. Qd4 {auch Novag
Star Diamond sieht keinen grossen Vorteil, +0,15, klar schwächer als Df4,
Komodo +1,20} Bxf3 21. gxf3 Rd8??? {ein Verlustzug, danach ist die Partie
verloren, Komodo -2,50 mit der Fortsetzung Dh4, nötig war h6 mit ca. -1,20}
22. Qxa7??? {ein grottenschlechter Zug, der einen Grossteil des Vorteiles
verspielt, Komodo nur noch +0,80 für Weiss} Qxa7 23. Bxa7 Nxb2 24. Bc5+ Ke8
25. Bxb4 Kd7? {ein Verlustzug, danach ist die Partie praktisch verloren,
Komodo -2,00, deutlich mehr Widerstand leistet Sd3 mit ca. -0,90} 26. Rac1?
{weit schwächer als Tab1, halbiert den Vorteil von Weiss, Komodo +1,00} Rb8
27. Bd6 Rb7 28. Rc3 Rc8 29. Rxc8 Kxc8 30. Rc1+ Kd7 31. Kf1 Nd3 32. Rd1 Nf4
33. Bf8+ Kc7 34. Bxg7 Rb2 35. Bh6 Ng6 36. a4 Rb4 37. a5 Nxe5 38. Ra1 Nxf3
39. a6 Kb8 40. Bf8 Rb2? {ein schlechter Zug, danach ist Weiss bereits klar
im Vorteil, Komodo +1,00 nötig war Tc4 und die Stellung wäre im Lot} 41.
Kg2 Nh4+ 42. Kh3 Nf5 43. a7+ {das ist voreilig und verspielt wieder einen
Grossteil des Vorteiles, Komodo nur noch +0,50, deutlich besser ist Lc5}
Ka8 44. Bc5 Rb5 45. Rc1 e5 46. f4 Nd4 47. Rc4 f6 48. Bxd4 exd4 49. Rxd4
Rh5+??? {ein Verlustzug, danach ist die Partie sofort verloren, nötig war
Kxa7 und Schwarz kann das Remis halten, nach dem Textzug ist alles sofort
vorbei, Komodo -4,00 / Stockfish 15: -8,00 !!} 50. Kg4 Rxh2 51. Rd7 h5+ 52.
Kf5 Rf2 53. Rh7 Rf1 54. Rxh5 Kxa7 55. Rh6 {Komodo +10,00} Kb7 56. Rxf6
{Novag Star Diamond: +2,26 / Komodo +12,00} Kc7 {Pewatronic Masterchess
gibt sich hier noch Chancen, nur -0,8 / Komodo -24,00} 57. Ke6 {Novag Star
Diamond: +2,53} Re1+ 58. Kf7 Kd7 59. f5 Rf1 60. Kg7 Rf2 61. Rf8 Ke7 62. f6+
Kd7 63. Rb8 Rg2+ 64. Kf8 Rh2 65. Rb7+ Kd6 66. f7 Kc6 67. Rb4 Rg2 68. Ke7
Re2+ 69. Kf6 Rf2+ 70. Ke6 Kc7 71. Rd4 Kc6 72. Rd6+ Kc7 73. Rd5 Rxf7 74.
Kxf7 {Matt in 8 / Rest geschenkt} 1-0
[/pgn]
[pgn]

[Event "Turnier 40 / 120"]
[Site "Wien"]
[Date "2022.12.13"]
[Round "31"]
[White "Pewatronic Masterchess SH7034 - 24 MHZ"]
[Black "Novag Star Diamond H8 - 25 MHZ"]
[Result "0-1"]
[BlackElo "2160"]
[WhiteElo "2150"]

{Analyse -----> Komodo 13.02.} 1. e4 e5 2. Nf3 Nc6 3. d4 exd4 4. Nxd4 Bc5
5. Be3 Qf6 6. c3 Nge7 7. Nc2 Bxe3 8. Nxe3 Qe5 9. Qf3 O-O 10. Bd3 {Buchende}
d6 {Buchende} 11. O-O {Buchbewertung Pewatronic Masterchess: -0,5} Qc5
{Buchbewertung Novag Star Diamond: +0,42 / lt. Komodo steht Weiss knapp
besser mit ca. +0,30} 12. Qg3 Ne5 13. Be2 Qb6 14. b3 Re8 15. Nd2 Qc5 16.
Rac1 Bd7?? {ein Verlustzug, danach ist die Partie praktisch schon verloren,
Komodo -2,20 mit der Fortsetzung b4, Db6, f4, nötig war a5 mit Ausgleich}
17. b4 Qb6 18. f4 N5c6 19. Nc4 {Pewatronic Masterchess: +0,3 / Komodo
+2,30} Qa6 {Novag Star Diamond: +0,03 / also beide Geräte sehen hier
praktisch keine Vorteile und die Stellung annähernd gleich} 20. a3? {ein
ganz schlechter Zug, verspielt einen Grossteil des Vorteiles, Komodo +0,80,
gewonnen hätte a4} Rad8? {ein Verlustzzug, beide Geräte haben hier keinen
Durchblick, Novag Star Diamond verwirft im letzten Moment den richtigen Zug
b5, nach dem Textzug ist die Partie wieder verloren, hier gewinnt neuerlich
a4, aber darauf wird Pewatronic Masterchess wohl auch nicht kommen, denn
sonst hätte er es ja gleich ziehen können} 21. Rfe1? {verpasst
erwartungsgemäss neuerlich den Gewinn, nach dem Textzug bleibt Weiss noch
mit ca. +1,00 im Vorteil} b5! {jetzt macht Star Diamond den richtigen Zug}
22. Nd2 Qb6 23. Kh1 a5 24. Ng4? {weit schwächer als Lh5, danach ist Weiss
nur noch knapp im Vorteil, Komodo +0,70} Kh8 25. Nf3 f5 26. exf5 Nxf5 27.
Qf2 {besser ist Dh3, nach dem Textzug ist jeglicher Vorteil dahin, Komodo,
die Stellung ist etwa gleich} Qxf2 28. Nxf2 axb4 29. axb4 Nce7 30. c4 Ng6
31. Nd3 {besser ist Sh3, nach dem Textzug ist Schwarz bereits im Vorteil,
Komodo +0,60 mit der Fortsetzung bxc4} bxc4 32. Rxc4 Bb5 33. Rxc7 Rxe2 34.
Rxe2 Bxd3 35. Rf2 {besser ist Tb2, Komodo +0,60 für Schwarz} Nxf4 36. Ne1
{Pewatronic Masterchess: -0,6 / Komodo -0,40} Re8 {Novag Star Diamond ist
hier viel zu optimistisch: +1,92 !!} 37. Rc1 g5 38. Rxf4 Rxe1+ 39. Rxe1
gxf4 40. Rd1 Bc4 41. Rd2 Kg7 42. Rf2 {Schwarz steht nur knapp besser,
Komodo +0,30} d5 43. Rxf4 Ne3 44. Rf2??? {ein völlig absurder Zug, was
bitte soll das für ein Unsinn sein, warum dem Gegner den Bauernvorstoss d4
ermöglichen ??, also das ist ja einfach unfassbar, einer der schlechtesten
Züge, die ich jemals gesehen habe, völlig hinrissig, danach ist die Partie
natürlich sofort verloren, Komodo -3,50 natürlich mit der Fortsetzung d4,
nach g4 ! wäre die Stellung im Lot gewesen.} d4 {sonnenklar und
alternativlos} 45. Rf4 d3 46. Rd4 Kf6 {Novag Star Diamond ist siegessicher:
+3,88} 47. Rf4+ {Pewatronic Masterchess sieht es ein: -4,0} Ke5 48. Rf2 Kd4
49. h3 Kc3 {Rest geschenkt / eine abgeschenkte Partie von Pewatronic
Masterchess, den Zug 44. Tf2 ???, kann man nur als PROGRAMMFEHLER
bezeichnen.} 0-1
[/pgn]
[pgn]